| 000 | 00575ntaaa2200205 4500 | ||
|---|---|---|---|
| 003 | 01 | ||
| 005 | 20251027202125.0 | ||
| 008 | 0714s1973 ag 01 | ||
| 040 |
_aAR-BaBN _bspa _cAR-BaBN _eaacr _dRIC |
||
| 082 | _a261.8300 M26r | ||
| 100 |
_aMaduro, Otto _919709 |
||
| 245 | _aReligion y conflicto social | ||
| 250 | _a1 ed. | ||
| 260 |
_aMéxico : _bCentros de Estudios Ecumenicos y de Reflexion Teologica, _c1980 |
||
| 300 |
_a219 p ; _c21 cm |
||
| 500 | _aBibliografia, p.207-213 | ||
| 650 | _aiglesia y sociedad | ||
| 650 | _ateologia de la liberación | ||
| 942 | _cBK | ||
| 999 |
_c16125 _d16125 |
||